Ресайклинг синтетических волокон и тканей химическим методом; Перспективы развития фундаментальных наук; Т. 2 : Химия
| Parent link: | Перспективы развития фундаментальных наук=Prospects of Fundamental Sciences Development: сборник научных трудов XХII Международной конференции студентов, аспирантов и молодых ученых, г. Томск, 22-25 апреля 2025/ Национальный исследовательский Томский политехнический университет ; под ред. И. А. Курзиной [и др.].— .— Томск: Изд-во ТПУ Т. 2 : Химия.— 2025.— С. 172-174 |
|---|---|
| Hlavní autor: | |
| Další autoři: | |
| Shrnutí: | Заглавие с экрана The article presents a method of chemical processing of synthetic fibers and fabrics, followed by the extraction of key products Текстовый файл |
| Jazyk: | ruština |
| Vydáno: |
2025
|
| Témata: | |
| On-line přístup: | http://earchive.tpu.ru/handle/11683/132855 |
| Médium: | MixedMaterials Elektronický zdroj Kapitola |
| KOHA link: | https://koha.lib.tpu.ru/cgi-bin/koha/opac-detail.pl?biblionumber=682454 |
MARC
| LEADER | 00000naa2a2200000 4500 | ||
|---|---|---|---|
| 001 | 682454 | ||
| 005 | 20251103133129.0 | ||
| 090 | |a 682454 | ||
| 100 | |a 20251019d2025 k||y0rusy50 ca | ||
| 101 | 0 | |a rus | |
| 102 | |a RU | ||
| 135 | |a drcn ---uucaa | ||
| 200 | 1 | |a Ресайклинг синтетических волокон и тканей химическим методом |d Recycling of synthetic fibers and fabrics by chemical method |f Е. Э. Манапова |g науч. рук. А. А. Троян |z eng | |
| 300 | |a Заглавие с экрана | ||
| 320 | |a Список литературы: 1 назв | ||
| 330 | |a The article presents a method of chemical processing of synthetic fibers and fabrics, followed by the extraction of key products | ||
| 336 | |a Текстовый файл | ||
| 461 | 1 | |0 682243 |t Перспективы развития фундаментальных наук |l Prospects of Fundamental Sciences Development |o сборник научных трудов XХII Международной конференции студентов, аспирантов и молодых ученых, г. Томск, 22-25 апреля 2025 |9 682243 |c Томск |n Изд-во ТПУ |f Национальный исследовательский Томский политехнический университет ; под ред. И. А. Курзиной [и др.] | |
| 463 | 1 | |0 682251 |9 682251 |t Т. 2 : Химия |d 2025 |u conference_tpu-2025-C21_V2.pdf |v С. 172-174 |l Vol. 2 : Chemistry | |
| 610 | 1 | |a труды учёных ТПУ | |
| 610 | 1 | |a электронный ресурс | |
| 610 | 1 | |a chemical processing | |
| 610 | 1 | |a synthetic fibers and fabrics | |
| 610 | 1 | |a polyester | |
| 610 | 1 | |a dacron | |
| 610 | 1 | |a PET | |
| 700 | 1 | |a Манапова |b Е. Э. | |
| 702 | 1 | |a Троян |b А. А. |c химик-органик |c доцент Томского политехнического университета, кандидат химических наук |f 1978- |g Анна Алексеевна |4 727 | |
| 801 | 0 | |a RU |b 63413507 |c 20251019 |g RCR | |
| 856 | 4 | |z http://earchive.tpu.ru/handle/11683/132855 |u http://earchive.tpu.ru/handle/11683/132855 | |
| 942 | |c CF | ||